El mar / (Record no. 114845)

MARC details
000 -LEADER
campo de control de longitud fija 01096nam a2200265 i 4500
001 - NÚMERO DE CONTROL
campo de control 114845
003 - IDENTIFICADOR DE NÚMERO DE CONTROL
campo de control ES-MaACL
005 - FECHA Y HORA DE LA ÚLTIMA TRANSACCIÓN
campo de control 20230906190250.0
007 - CAMPO FIJO DE DESCRIPCIÓN FÍSICA--INFORMACIÓN GENERAL
campo de control de longitud fija t|
008 - DATOS DE LONGITUD FIJA--INFORMACIÓN GENERAL
campo de control de longitud fija 070403s1961 sp ||||1| spa d
080 ## - NÚMERO DE LA CLASIFICACIÓN DECIMAL UNIVERSAL
Número de la Clasificación Decimal Universal 551.46
080 ## - NÚMERO DE LA CLASIFICACIÓN DECIMAL UNIVERSAL
Número de la Clasificación Decimal Universal 629.12
100 1# - ENTRADA PRINCIPAL--NOMBRE DE PERSONA
Nombre de persona Romanovsky, Vsevolod.
9 (RLIN) 99267
245 13 - MENCIÓN DEL TÍTULO
Título El mar /
Mención de responsabilidad, etc. obra publicada bajo la dirección de V. Romanovsky, C. Francis-Boeuf, Jacques Bourcart con la colaboración de P. Bohé, J.-Y. Cousteau, J. Feuga ; versión por Joaquín Gómez de LLarena y José María Navaz ; con la colaboración de José María Martínez-Hidalgo y de Terán.
260 ## - PUBLICACIÓN, DISTRIBUCIÓN, ETC.
Lugar de publicación, distribución, etc. Barcelona :
Nombre del editor, distribuidor, etc. Labor,
Fecha de publicación, distribución, etc. 1961.
300 ## - DESCRIPCIÓN FÍSICA
Extensión XXIII, 693 p. :
Otras características físicas il. ;
Dimensiones 27 cm.
650 #4 - PUNTO DE ACCESO ADICIONAL DE MATERIA--TÉRMINO DE MATERIA
Término de materia o nombre geográfico como elemento de entrada Navegación-
Subdivisión de forma Enciclopedias.
9 (RLIN) 15498
650 #4 - PUNTO DE ACCESO ADICIONAL DE MATERIA--TÉRMINO DE MATERIA
Término de materia o nombre geográfico como elemento de entrada Mares y océanos-
Subdivisión de forma Enciclopedias.
9 (RLIN) 14773
700 1# - ENTRADA AGREGADA--NOMBRE PERSONAL
Nombre de persona Navaz y Sanz, José María.
9 (RLIN) 85221
700 1# - ENTRADA AGREGADA--NOMBRE PERSONAL
Nombre de persona Gómez de Llarena, Joaquín (
Fechas asociadas al nombre 1891-1979)
9 (RLIN) 57911
700 1# - ENTRADA AGREGADA--NOMBRE PERSONAL
Nombre de persona Francis-Boeuf, Claude.
9 (RLIN) 52183
700 1# - ENTRADA AGREGADA--NOMBRE PERSONAL
Nombre de persona Bourcart, Jacques.
9 (RLIN) 30949
700 1# - ENTRADA AGREGADA--NOMBRE PERSONAL
Nombre de persona Martínez-Hidalgo, José María.
9 (RLIN) 78154
852 ## - LOCALIZACIÓN
Ubicación ES-MaACL
Número de control de estantería A-561
Sublocalización o colección R.47766
Holdings
Estatus retirado Estado de pérdida Estado de daño No para préstamo Biblioteca de origen Biblioteca actual Ubicación en estantería Fecha de adquisición Fuente de adquisición Total de préstamos Signatura topográfica completa Código de barras Visto por última vez Precio de reemplazo Tipo de ítem Koha
        Biblioteca del Ateneo de Madrid Biblioteca del Ateneo de Madrid Sala Pecera Planta 1 17/01/2008     A-561 1119761 23/02/2023 23/02/2023 Libro impreso